000 00456nam a22001457a 4500
008 190619b xxu||||| |||| 00| 0 eng d
020 _a0029411467
050 _aQ 121
_b.W218 1991 vol.6
100 _aBrenda Walpole
245 _aMacMillan encyclopedia of science:
_bBody and health/
_cBrenda Walpole
260 _aNew York:
_bMacMillan Publishing Company
_c1991.
300 _a96 p. ; col. ill. : 280 cm.
440 _aBody and health
942 _2lcc
_cBK
999 _c361908
_d361908